| 000 | 00624nam a2200253 4500 | ||
|---|---|---|---|
| 999 |
_c7440 _d7440 |
||
| 001 | 27667 | ||
| 003 | GBCCL | ||
| 005 | 20241126110628.0 | ||
| 008 | 700609s1970 njuc 000 0aeng | ||
| 010 | _a 78112456 | ||
| 035 | _a(OCoLC)00077924 | ||
| 040 |
_aDLC _cDLC |
||
| 049 | _aLBBK | ||
| 050 | 0 |
_aBR1725.R63 _bA33 |
|
| 082 |
_a248.2 _bROG |
||
| 092 |
_a791.43092 _bR725W |
||
| 100 | 1 |
_aRogers, Dale Evans. _9334 |
|
| 245 | 1 | 4 | _aThe woman at the well. |
| 260 |
_aOld Tappan, N.J., _bRevell _c[1970] |
||
| 300 |
_a191 p. _bports. _c21 cm. |
||
| 350 | _a4.95 | ||
| 600 | 1 | 0 |
_aRogers, Dale Evans. _9334 |
| 942 |
_2ddc _cBK |
||